01695 a2200193 45000010006000000050017000060080041000230030015000640400040000790800062001192450034001810200018002152500012002332640044002453000032002895051150003210410008014711000022014794165020260407155709.0260407a1983 arg spa dAR-UNSa-BCEJYS aAR-UNSa-BCEJYSbspacAR-UNSa-BCEJYS a341.9xDerecho Internacional Privado. Conflictos de Leyes10aDerecho internacional privado a950-14-0137-5 a2a. ed. 1aBuenos Aires :bEdiciones Depalmac1983 a2 v. (692 ; 736 p.)c23 cm. aVol. I: 1. Desarrollo histórico del concepto del derecho internacional privado - 2. Comparación de tendencias conceptuales en los diversos sistemas de derecho internacional privado - 3. Concepto y sistema del derecho internacional privado - 4. El nuevo derecho internacional privado mediante la cooperación de las organizaciones internacionales - 5. Jurisdicción internacional argentina - 6. La norma de conflicto - 7. La norma material - 8. La norma de policía - 9. Personas - 10. Matrimonio - 11. Filiación - 12. Adopción - 13. Rapto internacional de niños - 14. Cosas - 15. Herencia - 16. Trust - 17. Sociedades comerciales -- Vol. II: 18. Contratos - 19. Letra de cambio - 20. Cheque - 21. Actos ilícitos - 22. Obligaciones en moneda extranjera - 23. Propiedad industrial e intelectual - 24. Concursos - 25. Exhortos - 26. Arbitraje comercial internacional - 27. Reconocimiento y ejecucción de sentencias extranjeras - 28. El acto administrativo extranjero - 29. Aplicación del derecho extranjero - 30. Inmunidad jurisdiccional de los estados y de las organizaciones internacionales - 31. Procesos interjurisdiccionales aspa1 aBoggiano, Antonio